| 000 | 00000nam##2200000za#4500 |
| 001 | 9.699016 |
| 003 | CaOODSP |
| 005 | 20210625000206 |
| 007 | cr ||||||||||| |
| 008 | 150407|2004||||xxc|||||o f|0| 0 eng|d |
| 040 | |aCaOODSP|beng |
| 043 | |an-cn--- |
| 086 | 1 |aFs154-34/2004E-PDF |
| 110 | 1 |aCanada.|bDepartment of Fisheries and Oceans. |bCanadian Coast Guard. |
| 245 | 10|aSustainable navigation strategy for the St. Lawrence / |h[electronic resource]|cby Pierre D'Arcy, Jean-François Bibeault. |
| 246 | 1 |iAt head of title : |aSaint-Laurent Vision 2000 |
| 260 | |aQuébec - Quebec : |bFisheries and Oceans Canada. |c2004. |
| 300 | |a114p.|bcoloured figs., graphs, map, references, tables, photographs |
| 590 | |a14-08-Supp|b2014-04-10 |
| 690 | 07|aEnvironmental conservation|2gcpds |
| 690 | 07|aNavigation|2gcpds |
| 690 | 07|aSustainable development|2gcpds |
| 690 | 07|aWaterways|2gcpds |
| 775 | 08|tStratégie de navigation durable pour le Saint-Laurent / |w(CaOODSP)9.643048 |
| 856 | 40|ahttp://publications.gc.ca|qPDF|s4.46 MB|uhttps://publications.gc.ca/collections/collection_2014/mpo-dfo/Fs154-34-2004-eng.pdf |